00350nam a2200145Ia 4500008004100000041000800041082001100049100001900060245003400079250000800113260004800121300000800169365000800177999001900185231011s9999 xx 000 0 und d aeng a658.51 aYadav Abhishek aIndustrial Management [Yadav] a2nd bGlobal Academic Publishers, New Delhic2015 a369 b280 c909665d909665